Представление документа в формате MARC21

Поле Инд. ПП Название Значение
Тип записи a
Библиографический уровень c
001 Контрольный номер 116268
005 Дата корректировки 20230619122719.3
040 b Код языка каталог. rus
e Правила каталог. PSBO
041 0_ a Код языка текста rus
245 10 a Заглавие Учебно-методический комплекс дисциплины "Регулирование международной торговли" направления подготовки 38.03.02 Менеджмент. Направленность (профиль): Маркетинг
c Ответственность Каф. Медиатехнологии и связи с общественностью
c Ответственность сост. Д.А. Клинкова
b Продолж. заглавия ФГОС 3+
260 c Дата издания 2017
440 _0 a Серия УМК
516 a Прим. о типе комп. файла/ данных Текст : электронный
535 a Хранилище Сервер
856 u URL https://elib.tstu.tver.ru/MegaPro/GetDoc/Megapro/docId
900 a Имя макрообъекта @@@
901 t Тип документа x
905 a Дата создания записи 17.11.17
951 i EL-ТГТУ? Да
a EL-УМК? Готов
d EL-Информация? За электронные документы, представленные в УМК, несет ответственность кафедра и разработчик УМК
952 g 1
h НВВ-Полн.число УМКД 3 док.
990 h N записи в КСУ для Б/У (DOS) 51/2017